Statistics for Islamic architecture - which country?

Click here to take the quiz!

General Stats

  • This quiz has been taken 63 times
  • The average score is 7 of 15

Answer Stats

Answer% Correct
Turkey
95%
China
69%
India
62%
Iran
58%
Mali
56%
Uzbekistan
51%
Spain
49%
Iraq
42%
Yemen
40%
Indonesia
38%
Morocco
38%
Egypt
27%
Bosnia
25%
Sudan
24%
Syria
15%

Score Distribution

Percentile by Number Answered

Percent of People with Each Score

Your Score History

You have not taken this quiz